| 000 | 00344nam a2200121Ia 4500 | ||
|---|---|---|---|
| 008 | 210430s9999 xx 000 0 und d | ||
| 082 | _a545 V877 V | ||
| 100 | _aJ Mendham | ||
| 245 |
_aVogels Textbook of Quantitative Chemical Analysis _cJ Mendham |
||
| 260 |
_aIslamabad _bNational Book Foundation _c2010 |
||
| 300 | _a833p | ||
| 942 |
_cBK _2ddc |
||
| 999 |
_c562144 _d562144 |
||